[Event "Druzynowe Mistrzostwa Polski Juniorow - I Liga 2018"]
[Site "Kudowa-Zdroj"]
[Date "1899-12-30"]
[Round "1.1"]
[White "Janik, Igor"]
[Black "Grela, Kacper"]
[Result "1-0"]
[WhiteTitle "IM"]
[BlackTitle "FM"]
[WhiteElo "2420"]
[BlackElo "2320"]

1. e4 e5 2. Nf3 Nf6 3. Nxe5 d6 4. Nf3 Nxe4 5. c4 Be7 6. d4 O-O 7. Bd3 d5 8. O-O
Bg4 9. h3 Bh5 10. Re1 Bb4 11. Re3 c5 12. cxd5 Nf6 13. g4 Bg6 14. Bxg6 hxg6 15.
a3 cxd4 16. Qxd4 Ba5 17. Rd3 Bb6 18. Qc4 Nbd7 19. Nc3 Rc8 20. Qf4 Nc5 21. Rd1
Bc7 22. d6 Bb8 23. Be3 Nb3 24. Rab1 Rc6 25. Qb4 Na5 26. Ne5 Ra6 27. Nb5 Re8 28.
Bf4 Nc6 29. Nxc6 Rxc6 30. Rd4 Qd7 31. Nc7 Rc8 32. Rbd1 Ne8 33. Qxb7 Nxd6 34. Rxd6
Rxd6 35. Rxd6 Qxc7 36. Qxc7 Bxc7 37. Rc6 1-0

[Event "Druzynowe Mistrzostwa Polski Juniorow - I Liga 2018"]
[Site "Kudowa-Zdroj"]
[Date "1899-12-30"]
[Round "1.2"]
[White "Karykowska, Anna"]
[Black "Czechowski, Jakub"]
[Result "0-1"]
[WhiteTitle "k"]
[BlackTitle "I"]
[WhiteElo "1869"]
[BlackElo "1880"]

1. e4 c5 2. Nf3 Nc6 3. Nc3 g6 4. d4 cxd4 5. Nxd4 Bg7 6. Nde2 Nf6 7. g3 O-O 8. Bg2
d6 9. O-O Rb8 10. a4 a6 11. h3 Ne5 12. Ra2 b5 13. axb5 axb5 14. Nd4 b4 15. Nd5
Bb7 16. Re1 Ba8 17. b3 e6 18. Nxf6+ Bxf6 19. Be3 Qd7 20. Qe2 Nc6 21. Rd1 Ne7 22.
Qd3 d5 23. Ne2 Qc6 24. exd5 Nxd5 25. Ra6 Qc7 26. Bd4 Bxd4 27. Nxd4 Bb7 28. Raa1
Rfd8 29. Bxd5 Rxd5 30. Qe2 Rbd8 31. Nf3 Qc6 32. Rxd5 Rxd5 33. Kh2 Rh5 34. g4 Rc5
35. Nh4 g5 36. Rg1 gxh4 37. Qd2 Qc7+ 0-1

[Event "Druzynowe Mistrzostwa Polski Juniorow - I Liga 2018"]
[Site "Kudowa-Zdroj"]
[Date "1899-12-30"]
[Round "1.3"]
[White "Dzida, Kamil"]
[Black "Kejna, Piotr"]
[Result "1-0"]
[WhiteTitle "I++"]
[BlackTitle "CM"]
[WhiteElo "1854"]
[BlackElo "1505"]

1. e4 c5 2. Nf3 d6 3. d4 cxd4 4. Nxd4 Nf6 5. Nc3 a6 6. Nb3 Nc6 7. f3 g6 8. Be3
Bg7 9. Qd2 O-O 10. O-O-O b5 11. Bh6 Be6 12. h4 b4 13. Nd5 Bxd5 14. exd5 Ne5 15.
h5 a5 16. hxg6 fxg6 17. Bxg7 Kxg7 18. Nd4 Kg8 19. Ne6 Qb6 20. Nxf8 Rxf8 21. Qd4
Qc7 22. Be2 Rc8 23. Rd2 Rb8 24. f4 Ned7 25. g4 a4 26. g5 Ne8 27. Bg4 Nc5 28. Rxh7
Nf6 29. Qxf6 exf6 30. Rxc7 f5 31. Bf3 b3 32. a3 bxc2 33. Rxc2 Rb3 34. Rc3 Rb8
35. R3xc5 dxc5 36. d6 Rd8 37. Bd5+ Kf8 38. Rf7+ Ke8 39. d7+ Rxd7 40. Rxd7 Kxd7
41. Bf7 Ke7 42. Bxg6 Ke6 43. Kc2 c4 44. Kc3 Ke7 45. Bxf5 Kf7 46. Kd4 Kg7 47. Ke5
Kf7 48. Be4 Kg7 49. f5 c3 50. bxc3 Kf7 51. f6 Kf8 52. Bd5 Ke8 53. g6 Kd7 54. g7
Kc7 55. g8=Q Kb6 56. Qb8+ Ka6 57. Bc4+ Ka5 58. Qb4# 1-0

[Event "Druzynowe Mistrzostwa Polski Juniorow - I Liga 2018"]
[Site "Kudowa-Zdroj"]
[Date "1899-12-30"]
[Round "1.4"]
[White "Eigner, Jerzy"]
[Black "Koziorowicz, Michal"]
[Result "0-1"]
[WhiteTitle "II+"]
[BlackTitle "I"]
[WhiteElo "1352"]
[BlackElo "1692"]

1. e4 c5 2. Nf3 e6 3. d4 cxd4 4. Nxd4 Nc6 5. Nc3 a6 6. Nde2 Bc5 7. Na4 Qa5+ 8.
Nec3 Be7 9. Be3 b5 10. Nc5 Nf6 11. Nb3 Qc7 12. f3 O-O 13. Bd3 b4 14. Ne2 d5 15.
Ng3 Rd8 16. Qe2 a5 17. Rd1 a4 18. Nc1 Bb7 19. O-O Na5 20. b3 Bc5 21. Kh1 Qb6 22.
Bxc5 Qxc5 23. e5 Nd7 24. f4 g6 25. f5 Nc6 26. fxg6 fxg6 27. Qg4 Ncxe5 28. Qxe6+
Kh8 29. Rde1 Re8 30. Qh3 Re7 31. Nf5 gxf5 32. Rxf5 Nxd3 33. Nxd3 Rxe1+ 34. Nxe1
Re8 35. Nf3 Qe7 36. Qg3 axb3 37. axb3 d4 38. h3 Rg8 39. Qf4 Qe3 40. Qc7 0-1

[Event "Druzynowe Mistrzostwa Polski Juniorow - I Liga 2018"]
[Site "Kudowa-Zdroj"]
[Date "1899-12-30"]
[Round "1.5"]
[White "Raczykowska, Paulina"]
[Black "Lascar, Maria Elena"]
[Result "1-0"]
[WhiteTitle "k"]
[BlackTitle "I+"]
[WhiteElo "1890"]
[BlackElo "1604"]

1. e4 c5 2. Nf3 Nc6 3. d4 cxd4 4. Nxd4 Qc7 5. Nc3 e6 6. Be2 a6 7. O-O Nf6 8. Be3
Bb4 9. Na4 Bd6 10. g3 b5 11. Nb6 Rb8 12. Nxc8 Rxc8 13. Bd3 Nxd4 14. Bxd4 Be5 15.
Bxe5 Qxe5 16. a4 O-O 17. Qe2 Qxb2 18. axb5 axb5 19. Rab1 Qc3 20. Rxb5 d5 21. exd5
Nxd5 22. Qe4 Nf6 23. Qh4 Rc5 24. Rb3 Qe5 25. Rfb1 h5 26. Rb4 Ng4 27. Rxg4 1-0

[Event "Druzynowe Mistrzostwa Polski Juniorow - I Liga 2018"]
[Site "Kudowa-Zdroj"]
[Date "1899-12-30"]
[Round "1.6"]
[White "Szachniewicz, Weronika"]
[Black "Siekanska, Zuzanna"]
[Result "0-1"]
[WhiteTitle "II+"]
[BlackTitle "I"]
[WhiteElo "1057"]
[BlackElo "1395"]

1. e4 c5 2. Nf3 e6 3. d4 cxd4 4. Nxd4 Nf6 5. Nc3 d6 6. g3 Be7 7. Bg2 Nbd7 8. Be3
a6 9. O-O Nc5 10. Qd2 Qc7 11. Rad1 Bd7 12. f4 Ng4 13. h3 Nxe3 14. Qxe3 Na4 15.
Nxa4 Bxa4 16. b3 Bd7 17. Rfe1 O-O 18. c4 e5 19. fxe5 dxe5 20. Kh1 exd4 21. Qxd4
Be6 22. Qc3 a5 23. a4 Bb4 24. Qf3 Bxe1 25. Rxe1 Rad8 26. h4 Rd2 27. g4 Rfd8 28.
g5 R8d3 29. Qf1 Qg3 30. h5 Bh3 0-1

[Event "Druzynowe Mistrzostwa Polski Juniorow - I Liga 2018"]
[Site "Kudowa-Zdroj"]
[Date "1899-12-30"]
[Round "1.7"]
[White "Janiszewski, Filip"]
[Black "Raczynski, Krzysztof"]
[Result "1-0"]
[WhiteTitle "I++"]
[BlackTitle "k+"]
[WhiteElo "1953"]
[BlackElo "2096"]

1. e4 c5 2. Nf3 d6 3. d4 cxd4 4. Nxd4 Nf6 5. Nc3 a6 6. Be3 e5 7. Nb3 Be6 8. Qd2
Be7 9. O-O-O Ng4 10. g3 Nxe3 11. Qxe3 Nd7 12. f4 b5 13. Kb1 b4 14. Nd5 Bxd5 15.
Rxd5 Qc7 16. Be2 O-O 17. Rhd1 Nb6 18. Ra5 Rfc8 19. Rd2 Bf6 20. Bxa6 Rd8 21. Bb5
Ra7 22. Rxa7 Qxa7 23. Bc6 Qc7 24. Bd5 Rc8 25. Qd3 exf4 26. gxf4 Na4 27. Nd4 Qb6
28. Bb3 Nc5 29. Qc4 Rc7 30. Qd5 g6 31. Qa8+ Kg7 32. Nf5+ gxf5 33. Rg2+ Bg5 34.
Rxg5+ Kf6 35. Qd8+ 1-0

[Event "Druzynowe Mistrzostwa Polski Juniorow - I Liga 2018"]
[Site "Kudowa-Zdroj"]
[Date "1899-12-30"]
[Round "1.8"]
[White "Butyrowski, Marcel"]
[Black "Dixa, Oskar"]
[Result "0-1"]
[WhiteTitle "I+"]
[BlackTitle "I++"]
[WhiteElo "1725"]
[BlackElo "1929"]

1. d4 Nf6 2. c4 e6 3. g3 d5 4. Bg2 Be7 5. Nf3 dxc4 6. O-O O-O 7. Ne5 c5 8. dxc5
Bxc5 9. Nxc4 Qe7 10. Nc3 Rd8 11. Qc2 Nc6 12. e3 Bd7 13. a3 Rac8 14. Qe2 a6 15.
Rd1 b5 16. Nd2 Bb6 17. Nde4 Na5 18. Rd6 Nxe4 19. Rxb6 Nxc3 20. bxc3 Nb3 21. Rb1
Nxc1 22. Rxc1 Qxa3 23. Rd1 Qa5 24. Rbd6 Be8 25. Qd3 Rxd6 26. Qxd6 Qc7 27. Qxa6
Qxc3 28. Bb7 Qc2 29. Qd6 Rc7 30. Qd8 Kf8 31. Bf3 Qc5 32. Rd4 Rc8 33. Qh4 h6 34.
Qe4 Bc6 35. Qh4 Ke8 36. Bxc6+ Qxc6 37. Qg4 Qb7 38. Rd1 Kf8 39. Qh4 Qe7 40. Qe4
Kg8 41. Rd4 Rb8 42. Rb4 Qb7 43. Qe5 Rd8 44. e4 Rb8 45. h4 Qb6 46. Kg2 f6 47. Qc3
Kf7 48. Qd3 Qc6 49. Kh2 Ke7 50. Qa3 Qc5 51. Qb2 Kf7 52. Qd2 Kf8 53. Rb2 b4 54.
Rc2 Qe7 55. Qf4 e5 56. Qg4 b3 57. Rc8+ Rxc8 58. Qxc8+ Kf7 59. Qc4+ Qe6 60. Qb5
Kg6 61. Kg2 Kh7 62. f3 h5 63. Qb4 Qf7 64. Qb5 Kh6 65. Qb4 g6 66. Qb8 Kh7 67. Qb5
Kg7 68. Qb4 f5 69. Qb5 Qe6 70. Qb4 fxe4 71. fxe4 Qc6 72. Qe7+ Kg8 73. Qxe5 Qb7
74. Qe6+ Kh7 75. Kh3 b2 0-1

[Event "Druzynowe Mistrzostwa Polski Juniorow - I Liga 2018"]
[Site "Kudowa-Zdroj"]
[Date "1899-12-30"]
[Round "1.9"]
[White "Ochedzan, Tymon"]
[Black "Wojdak, Jan"]
[Result "1-0"]
[WhiteTitle "CM"]
[BlackTitle "I"]
[WhiteElo "1874"]
[BlackElo "1754"]

1. e4 c5 2. Nf3 Nc6 3. d4 cxd4 4. Nxd4 Nf6 5. Nc3 d6 6. Bg5 e6 7. Qd2 a6 8. O-O-O
Bd7 9. f4 b5 10. Bxf6 gxf6 11. Kb1 b4 12. Nce2 e5 13. Nxc6 Bxc6 14. Ng3 h5 15.
h4 a5 16. Bc4 Qb6 17. Rhf1 Qc5 18. Qe2 Rc8 19. fxe5 Qxe5 20. Rd3 Bd7 21. Bd5 a4
22. Qd2 Rb8 23. c4 a3 24. Nf5 Ba4 25. Nd4 Bh6 26. Qf2 Bg7 27. Bc6+ Bxc6 28. Nxc6
Qe6 29. Nxb8 O-O 30. Nc6 Qxe4 31. Qf3 Qxh4 32. Ne7+ Kh8 33. Qh3 Qg5 34. Rf5 Re8
35. Rxg5 Rxe7 36. Qxh5+ Kg8 37. Rxg7+ 1-0

[Event "Druzynowe Mistrzostwa Polski Juniorow - I Liga 2018"]
[Site "Kudowa-Zdroj"]
[Date "1899-12-30"]
[Round "1.10"]
[White "Lewandowski, Witold"]
[Black "Skurniak, Szymon"]
[Result "1/2-1/2"]
[WhiteTitle "II+"]
[BlackTitle "I"]
[WhiteElo "1444"]
[BlackElo "1729"]

1. e4 c5 2. c3 d5 3. exd5 Qxd5 4. d4 Nc6 5. Nf3 Bf5 6. Be3 Nf6 7. Be2 Bxb1 8. Rxb1
cxd4 9. Nxd4 e5 10. Nxc6 Qxc6 11. O-O Be7 12. Qb3 O-O 13. Bg5 Rad8 14. Bxf6 Bxf6
15. Rbd1 b6 16. Qc4 Qb7 17. Bf3 Qe7 18. Qc6 Bg5 19. Rxd8 Rxd8 20. Rd1 Rxd1+ 21.
Bxd1 g6 22. Ba4 Kg7 23. Qd7 Qf6 24. Bc2 Qf4 25. Qd1 e4 26. g3 Qe5 27. Qd4 Qxd4
28. cxd4 e3 29. Kf1 f5 30. Ke2 exf2 31. Kxf2 Kf6 32. Ke2 Ke6 33. Bb3+ Kd6 34.
Bc4 Bf6 35. Kd3 h6 36. Bf7 g5 37. Bg6 Ke6 38. Bh7 Be7 39. Bg8+ Kf6 40. b3 Bd6
41. Ke3 h5 42. Kf3 Ba3 43. h3 Bb2 44. d5 Be5 45. g4 fxg4+ 46. hxg4 h4 47. Kg2
Bd6 48. Be6 Ke5 49. Bc8 Kxd5 50. Ba6 Kc5 51. a4 Kb4 52. Bc4 a5 53. Kh3 Kc3 54.
Bg8 Bf4 1/2-1/2

[Event "Druzynowe Mistrzostwa Polski Juniorow - I Liga 2018"]
[Site "Kudowa-Zdroj"]
[Date "1899-12-30"]
[Round "1.11"]
[White "Wawrzyniak, Weronika"]
[Black "Szelag, Zuzanna"]
[Result "0-1"]
[WhiteTitle "I"]
[BlackTitle "I++"]
[WhiteElo "1455"]
[BlackElo "1767"]

1. d4 c5 2. d5 f5 3. Nf3 Nf6 4. c4 g6 5. Nc3 d6 6. Qc2 Bg7 7. e3 O-O 8. Bd3 e5
9. dxe6 Bxe6 10. O-O Nc6 11. Rd1 a6 12. Ng5 Qe7 13. Nxe6 Qxe6 14. Nd5 Rad8 15.
Bd2 Kh8 16. Nf4 Qf7 17. Bc3 Rfe8 18. Be2 Ne5 19. Nd5 Nxd5 20. Rxd5 b5 21. Rad1
b4 22. Be1 Qc7 23. b3 Nf7 24. Bf3 Ng5 25. Qd3 Re6 26. Qc2 Qe7 27. Qc1 Be5 28.
e4 Nxf3+ 29. gxf3 fxe4 30. f4 Bd4 31. Bxb4 e3 32. Bc3 exf2+ 33. Kf1 Re2 34. Bxd4+
cxd4 35. R5xd4 Re8 36. R4d2 Re1+ 37. Kxf2 Qh4+ 38. Kf3 R8e3+ 39. Kg2 Qh3+ 0-1

[Event "Druzynowe Mistrzostwa Polski Juniorow - I Liga 2018"]
[Site "Kudowa-Zdroj"]
[Date "1899-12-30"]
[Round "1.12"]
[White "Nowak, Roksana"]
[Black "Barwinska, Ewa"]
[Result "1/2-1/2"]
[WhiteTitle "I"]
[BlackTitle "I"]
[WhiteElo "1372"]
[BlackElo "1457"]

1. f4 g6 2. Nf3 c5 3. e3 Bg7 4. Be2 Nf6 5. O-O O-O 6. d3 Nc6 7. c4 d6 8. Nc3 e5
9. fxe5 dxe5 10. Rb1 Bf5 11. e4 Be6 12. a3 Qd6 13. Nb5 Qe7 14. h3 Nh5 15. Qe1
f5 16. Ng5 f4 17. Nxe6 Qxe6 18. Nc7 Qd6 19. Nxa8 Qd4+ 20. Qf2 Ng3 21. Re1 Rxa8
22. Qxd4 Nxd4 23. Bd1 a5 24. a4 Bf6 25. Bf3 Bh4 26. Rd1 Kf7 27. Bd2 Ke6 28. Be1
h5 29. Bxg3 Bxg3 30. Rd2 Rd8 31. b3 Rg8 32. Ra2 Rc8 33. Rab2 Rc7 34. Rc1 b6 35.
Bd1 Kd6 36. Kf1 Ke6 37. Rcb1 Kd6 38. Rd2 Ke6 39. Bc2 Kd6 40. Bd1 Ke6 41. Ra2 Kd6
42. Bf3 Ke6 1/2-1/2

[Event "Druzynowe Mistrzostwa Polski Juniorow - I Liga 2018"]
[Site "Kudowa-Zdroj"]
[Date "1899-12-30"]
[Round "1.13"]
[White "Bilczewski, Kacper"]
[Black "Fus, Jakub"]
[Result "1/2-1/2"]
[WhiteTitle "k+"]
[BlackTitle "k"]
[WhiteElo "2093"]
[BlackElo "2195"]

1. e4 e5 2. Nf3 Nc6 3. d3 Nge7 4. g3 g6 5. Bg2 Bg7 6. O-O O-O 7. Nbd2 d6 8. c3
h6 9. b4 a6 10. a4 Be6 11. Ba3 Qd7 12. Qc2 f5 13. b5 axb5 14. axb5 Nd8 15. Rfb1
f4 16. d4 Nf7 17. dxe5 Bxe5 18. Nb3 Bh3 19. Nbd4 Bg4 20. Qb3 Kh7 21. Bc1 Rxa1
22. Rxa1 Ng5 23. Nxg5+ hxg5 24. f3 fxg3 25. fxg4 gxh2+ 26. Kh1 Qxg4 27. Be3 Qg3
28. Ne6 Rf6 29. Nxg5+ Kg7 30. Ne6+ Kh7 31. Ng5+ Kg7 32. Ne6+ Kh7 33. Ng5+ 1/2-1/2

[Event "Druzynowe Mistrzostwa Polski Juniorow - I Liga 2018"]
[Site "Kudowa-Zdroj"]
[Date "1899-12-30"]
[Round "1.14"]
[White "Jarzebowski, Kacper"]
[Black "Polczyk, Mikolaj"]
[Result "1/2-1/2"]
[WhiteTitle "I++"]
[BlackTitle "I+"]
[WhiteElo "1969"]
[BlackElo "2061"]

1. c4 Nf6 2. Nc3 g6 3. d4 d5 4. Bf4 Bg7 5. Rc1 Nh5 6. Bg5 h6 7. Bd2 dxc4 8. e3
Be6 9. Bxc4 Bxc4 10. Qa4+ b5 11. Nxb5 Bxb5 12. Qxb5+ c6 13. Qb7 Nd7 14. Qxc6 O-O
15. Ne2 Rc8 16. Qa4 Rxc1+ 17. Nxc1 Qc7 18. O-O Nb6 19. Qa5 Qb7 20. Nd3 Nc4 21.
Qb4 Qd5 22. Bc3 Nd6 23. Qa4 Qb5 24. Qxb5 Nxb5 25. Bb4 Nd6 26. Rc1 Rc8 27. Rxc8+
Nxc8 28. Bc5 Nf6 29. b4 Nd7 30. a4 Nxc5 31. dxc5 Bc3 32. Kf1 e5 33. f3 f5 34.
b5 Kf7 35. Ke2 Ke6 36. e4 fxe4 37. fxe4 a6 38. Kd1 axb5 39. axb5 Na7 40. b6 Nc6
41. Kc2 Bd4 42. Kb3 Kd7 43. Kc4 Kc8 44. Kd5 Kd7 45. Kc4 Kc8 46. Kd5 Kd7 47. h3
Ba1 48. Kd4 1/2-1/2

[Event "Druzynowe Mistrzostwa Polski Juniorow - I Liga 2018"]
[Site "Kudowa-Zdroj"]
[Date "1899-12-30"]
[Round "1.15"]
[White "Turski, Bartlomiej"]
[Black "Haliniak, Wojciech"]
[Result "1-0"]
[WhiteTitle "I"]
[BlackTitle "I"]
[WhiteElo "1893"]
[BlackElo "1679"]

1. e4 Nf6 2. e5 Nd5 3. d4 d6 4. c4 Nb6 5. exd6 cxd6 6. Nc3 Nc6 7. Nf3 Bg4 8. Be3
g6 9. b3 Bg7 10. Be2 O-O 11. O-O Bxf3 12. Bxf3 f5 13. Nd5 Nxd5 14. Bxd5+ Kh8 15.
f4 Qb6 16. Bxc6 bxc6 17. Qd3 c5 18. Rad1 Rad8 19. d5 a5 20. Bd2 a4 21. bxa4 Qb2
22. a3 Ra8 23. a5 Rfb8 24. Rb1 Qd4+ 25. Qxd4 Bxd4+ 26. Kh1 Bb2 27. Rxb2 Rxb2 28.
Bc3+ Kg8 29. Bxb2 Rxa5 30. Kg1 Kf7 31. Kf2 Ra8 32. Ke1 Ra4 33. Kd2 Rxc4 34. Kd3
Re4 35. Rf2 Ke8 36. g3 Kd7 37. Re2 Rxe2 38. Kxe2 e6 39. dxe6+ Kxe6 40. Kd3 Kd5
41. Bf6 Kc6 42. a4 d5 43. Be7 Kb6 44. a5+ Kxa5 45. Bxc5 Kb5 46. Kd4 Kc6 47. Bf8
Kd7 48. Kxd5 Ke8 49. Ba3 Kf7 50. Ke5 Kg7 51. Ke6 Kh6 52. Kf6 Kh5 53. h3 h6 54.
Be7 g5 55. Kxf5 gxf4 56. g4# 1-0

[Event "Druzynowe Mistrzostwa Polski Juniorow - I Liga 2018"]
[Site "Kudowa-Zdroj"]
[Date "1899-12-30"]
[Round "1.16"]
[White "Janeczko, Jakub"]
[Black "Panek, Bartosz"]
[Result "0-1"]
[WhiteTitle "II+"]
[BlackTitle "I"]
[WhiteElo "1351"]
[BlackElo "1831"]

1. e4 c5 2. Nf3 e6 3. d4 cxd4 4. Nxd4 Nc6 5. Nc3 Qc7 6. Nxc6 bxc6 7. Bd3 Nf6 8.
O-O e5 9. Re1 Be7 10. a3 O-O 11. Qe2 Re8 12. Bd2 a6 13. Rab1 Bc5 14. Bg5 Qd8 15.
Qf3 Be7 16. Bc4 h6 17. Bh4 g5 18. Bg3 Bc5 19. b4 Bd4 20. Ne2 Bb6 21. Rbd1 Qe7
22. Nc1 Kg7 23. Qb3 Nh5 24. Ne2 Qf6 25. Rd2 Nf4 26. Red1 h5 27. Rd6 Qe7 28. Bxf4
gxf4 29. Qf3 Qg5 30. h3 Re7 31. g3 Bc7 32. R6d3 d5 33. h4 Qg6 34. Bxd5 Bg4 35.
Qg2 cxd5 36. f3 dxe4 37. fxe4 f3 38. Rxf3 Bxf3 39. Qxf3 Rd8 40. Rxd8 Bxd8 41.
Kg2 Qg4 42. Qd3 Rd7 43. Qxa6 Qxe4+ 44. Kf2 Rd2 45. Ke1 Rxc2 46. Kd1 Rb2 47. Ke1
Qe3 0-1

[Event "Druzynowe Mistrzostwa Polski Juniorow - I Liga 2018"]
[Site "Kudowa-Zdroj"]
[Date "1899-12-30"]
[Round "1.17"]
[White "Stebel, Agata"]
[Black "Tarka, Aleksandra"]
[Result "1-0"]
[WhiteTitle "k"]
[BlackTitle "I++"]
[WhiteElo "1859"]
[BlackElo "1679"]

1. e4 c5 2. c3 Nf6 3. e5 Nd5 4. d4 cxd4 5. cxd4 Nc6 6. Nf3 d6 7. Bc4 Nb6 8. Bb5
Bd7 9. exd6 e6 10. Nc3 Bxd6 11. O-O Nb4 12. Be2 N4d5 13. Ne4 Be7 14. Ne5 Rc8 15.
Bd3 O-O 16. Qh5 f5 17. Ng5 Bxg5 18. Bxg5 Nf6 19. Qe2 Bc6 20. Nxc6 Rxc6 21. Bb5
Rd6 22. Rac1 Rxd4 23. Qxe6+ Kh8 24. Be3 Rd5 25. Bc5 Rg8 26. Be7 Qb8 27. Bxf6 Rxb5
28. Bc3 Qe8 29. Qd6 Qd7 30. Qxd7 Nxd7 31. Rfe1 Nc5 32. Re7 Ne4 33. Bd4 h6 34.
f3 Nf6 35. Bxf6 gxf6 36. Rcc7 Rb8 37. Rh7+ Kg8 38. Rxh6 Rxb2 39. Rxf6 Rxa2 40.
Rxf5 b5 41. Rg5+ Kh8 42. Rcc5 b4 43. Rc4 Rb7 44. Rh4+ Rh7 45. Rxb4 Rg7 46. Rxg7
Kxg7 47. h4 a5 48. Rb7+ Kg6 49. Kh2 a4 50. Rb5 a3 51. Ra5 Kh6 52. Kh3 Ra1 53.
g4 Rh1+ 54. Kg3 Rg1+ 55. Kf4 Rh1 56. h5 Ra1 57. Ra6+ Kh7 58. Ke4 1-0

[Event "Druzynowe Mistrzostwa Polski Juniorow - I Liga 2018"]
[Site "Kudowa-Zdroj"]
[Date "1899-12-30"]
[Round "1.18"]
[White "Rejniak, Zuzanna"]
[Black "Bugaj, Hanna"]
[Result "1-0"]
[WhiteTitle "I++"]
[BlackTitle "I"]
[WhiteElo "1559"]
[BlackElo "1356"]

1. d4 Nf6 2. Nc3 d5 3. Bf4 Bf5 4. f3 e6 5. g4 Bg6 6. h4 h5 7. g5 Nfd7 8. e4 Bb4
9. exd5 exd5 10. Qe2+ Qe7 11. O-O-O Qxe2 12. Bxe2 c6 13. Bd3 Bxd3 14. Re1+ Kd8
15. cxd3 Na6 16. Nge2 Nc7 17. Bg3 b6 18. a3 Bxc3 19. Nxc3 Ne6 20. Bf2 Kc8 21.
Kc2 g6 22. Rhf1 Kb7 23. f4 Rhe8 24. Kd2 Re7 25. f5 gxf5 26. Bg3 Ree8 27. Rxf5
Nxd4 28. Rxf7 Nb3+ 29. Kd1 Rxe1+ 30. Kxe1 Re8+ 31. Kd1 Kc8 32. g6 Rg8 33. g7 Kd8
34. Bd6 Ke8 35. Re7+ Kd8 36. Ne2 Nf6 37. Rf7 Ne8 38. Be5 Nxg7 39. Rxa7 Ne8 40.
Nf4 Nc5 41. b4 Nd7 42. Bd4 Rg4 43. Be3 Ng7 44. b5 cxb5 45. Nxd5 Ra4 46. Rxd7+
Kxd7 47. Nxb6+ Kc6 48. Nxa4 bxa4 49. Kd2 Nf5 50. Bg5 Kc5 51. Kc3 Kb5 52. Bf6 Ne3
53. Bg5 Nf5 54. Kd2 Kc5 55. Be3+ Kb5 56. Bf2 Kc6 57. Ke2 Kd5 58. Kf3 Nd6 59. Be1
Nb5 60. Bb4 Ke5 61. Ke3 Kf5 62. d4 Nc7 63. Kd3 Ke6 64. Kc4 Nd5 65. Kb5 Nf4 66.
Bd2 Ng6 67. Bg5 Kd5 68. Kxa4 Kxd4 69. Kb5 Kd5 70. a4 Ne5 71. a5 Kd6 72. Bf4 1-0

[Event "Druzynowe Mistrzostwa Polski Juniorow - I Liga 2018"]
[Site "Kudowa-Zdroj"]
[Date "1899-12-30"]
[Round "1.19"]
[White "Teclaf, Pawel"]
[Black "Woloch, Oskar"]
[Result "1-0"]
[WhiteTitle "CM"]
[BlackTitle "k"]
[WhiteElo "2399"]
[BlackElo "2137"]

1. Nf3 Nf6 2. b3 d6 3. d4 g6 4. Bb2 Bg7 5. c4 O-O 6. e3 Nbd7 7. Be2 c5 8. O-O b6
9. Nc3 Ne8 10. e4 Bb7 11. Qd2 cxd4 12. Nxd4 Nc5 13. f3 Ne6 14. Nc2 f5 15. exf5
gxf5 16. Nb4 Nd4 17. Rad1 e6 18. Nc2 Nxc2 19. Qxc2 Rf7 20. Nb5 a6 21. Nd4 Qg5
22. Rf2 Qg6 23. b4 Be5 24. Nb3 Bf4 25. Bc1 Bxc1 26. Qxc1 a5 27. bxa5 bxa5 28.
c5 a4 29. Nd4 dxc5 30. Nxe6 Qxe6 31. Bc4 Qc8 32. Qg5+ Kf8 33. Bxf7 Kxf7 34. Re2
Nf6 35. Rd6 Qh8 36. Ree6 Ne8 37. Rd7+ Kf8 38. Qe7+ 1-0

[Event "Druzynowe Mistrzostwa Polski Juniorow - I Liga 2018"]
[Site "Kudowa-Zdroj"]
[Date "1899-12-30"]
[Round "1.20"]
[White "Lambrecht, Tomasz"]
[Black "Koloczek, Maciej"]
[Result "1/2-1/2"]
[WhiteTitle "II"]
[BlackTitle "I"]
[WhiteElo "1544"]
[BlackElo "1851"]

1. Nf3 Nf6 2. c4 g6 3. Nc3 Bg7 4. e3 O-O 5. Be2 d6 6. d4 Nbd7 7. O-O e5 8. b3 Re8
9. Bb2 a5 10. Re1 b6 11. Qc2 Bb7 12. Rad1 exd4 13. exd4 Nh5 14. Bc1 Nf8 15. Ng5
Nf6 16. Bf3 Bxf3 17. Nxf3 Qd7 18. Nd5 Rac8 19. Nxf6+ Bxf6 20. d5 a4 21. b4 b5
22. Rxe8 Qxe8 23. cxb5 Qxb5 24. a3 Nd7 25. Be3 Bg7 26. g3 Nf6 27. Qd3 Qd7 28.
Kg2 h5 29. Bd4 Qg4 30. Bxf6 Bxf6 31. h3 Qd7 32. Nd4 Bxd4 33. Qxd4 c5 34. dxc6
Qxc6+ 35. Kg1 Qc3 36. Qxc3 Rxc3 37. Rxd6 Rxa3 38. b5 Ra1+ 39. Kg2 a3 40. Ra6 Rb1
41. Rxa3 Rxb5 42. Ra6 1/2-1/2

[Event "Druzynowe Mistrzostwa Polski Juniorow - I Liga 2018"]
[Site "Kudowa-Zdroj"]
[Date "1899-12-30"]
[Round "1.21"]
[White "Adamczyk, Zuzanna"]
[Black "Gorkiewicz, Mateusz"]
[Result "1/2-1/2"]
[WhiteTitle "I++"]
[BlackTitle "I"]
[WhiteElo "1722"]
[BlackElo "1870"]

1. e4 e5 2. Nf3 Nc6 3. d4 exd4 4. Nxd4 Bc5 5. Be3 Qf6 6. Nb5 Bxe3 7. fxe3 Qh4+
8. g3 Qxe4 9. Nxc7+ Kd8 10. Nxa8 Qxh1 11. Qd6 Nf6 12. Nd2 Qd5 13. Qc7+ Ke7 14.
O-O-O Qe6 15. Qf4 d5 16. Nc7 Qe5 17. Nf3 Qxf4 18. exf4 Rd8 19. Nb5 Bf5 20. Nbd4
Be4 21. c3 Ng4 22. Re1 Kd6 23. Nxc6 bxc6 24. Ng5 Re8 25. Nxf7+ Kc5 26. b4+ Kb6
27. h3 Nf6 28. Nd6 Rd8 29. Nf7 Rc8 30. Kd2 c5 31. bxc5+ Kxc5 32. Bd3 Rb8 33. Kc2
h6 34. Ne5 Rb7 35. Rg1 Bxd3+ 36. Nxd3+ Kc4 37. Ne5+ Kc5 38. Nd3+ Kc4 39. Ne5+
Kc5 40. g4 Ne4 41. h4 Rb5 42. a3 Ra5 43. Ra1 Ra4 44. Nd3+ Kd6 45. Nb2 Ra6 46.
c4 dxc4 47. Nxc4+ Kc5 48. Nd2 Ra4 49. Kb3 Kb5 50. Nxe4 1/2-1/2

[Event "Druzynowe Mistrzostwa Polski Juniorow - I Liga 2018"]
[Site "Kudowa-Zdroj"]
[Date "1899-12-30"]
[Round "1.22"]
[White "Musin, Pawel"]
[Black "Dziendziel, Mateusz"]
[Result "0-1"]
[WhiteTitle "II"]
[BlackTitle "II"]
[WhiteElo "1202"]
[BlackElo "1587"]

1. e4 c5 2. Nf3 d6 3. d4 Nf6 4. Nc3 cxd4 5. Nxd4 g6 6. Bd3 Bg7 7. Nb3 O-O 8. O-O
Nc6 9. Be3 Ng4 10. Bd2 Be6 11. h3 Nge5 12. f4 Nxd3 13. cxd3 Qb6+ 14. Kh1 Bxb3
15. Qxb3 Qxb3 16. axb3 Nd4 17. Be3 Nc2 18. Rac1 Nxe3 19. Rf3 Bd4 20. Nb5 Bb6 21.
d4 a6 22. Nxd6 exd6 23. Rxe3 Bxd4 24. Rd3 Bb6 25. Rxd6 Be3 26. Rf1 Rfd8 27. Rxd8+
Rxd8 28. f5 Re8 29. f6 Rxe4 30. Rd1 Rd4 31. Re1 Rd3 32. g4 g5 33. h4 gxh4 34.
g5 h6 35. gxh6 Kh7 0-1

[Event "Druzynowe Mistrzostwa Polski Juniorow - I Liga 2018"]
[Site "Kudowa-Zdroj"]
[Date "1899-12-30"]
[Round "1.25"]
[White "Golenia, Jan"]
[Black "Brozyna, Mateusz"]
[Result "1/2-1/2"]
[WhiteTitle "I"]
[BlackTitle "k"]
[WhiteElo "1986"]
[BlackElo "2098"]

1. e3 g6 2. c4 Bg7 3. Nc3 Nf6 4. Nf3 O-O 5. Qc2 c5 6. a3 Nc6 7. Rb1 d6 8. Be2 e5
9. d3 Re8 10. b4 cxb4 11. axb4 a5 12. bxa5 Rxa5 13. Bd2 Ra8 14. O-O d5 15. cxd5
Nxd5 16. Na4 Bf8 17. Ra1 Ndb4 18. Qc3 Bg7 19. e4 Bg4 20. Be3 Bxf3 21. gxf3 Nd4
22. Bxd4 Qxd4 23. Qxd4 exd4 24. Nb6 Ra2 25. Rxa2 Nxa2 26. Ra1 Nc3 27. Kf1 Be5
28. Nd7 Kg7 29. Nxe5 Rxe5 30. Bd1 Rb5 31. Ke1 Rb2 32. Rc1 g5 33. Ra1 Kf6 34. f4
gxf4 35. Bh5 Rb5 36. Bf3 Ke5 37. Ra8 Rb1+ 38. Kd2 Rf1 39. Re8+ Kf6 40. e5+ Kg7
41. Bxb7 Rxf2+ 42. Ke1 Rxh2 43. Bf3 Rh6 44. Rd8 Nb5 45. Rd5 Na3 46. Kf2 Nc2 47.
Be4 Rh3 48. Rd7 Kf8 49. Bd5 Ne3 50. Rxf7+ Ke8 51. Be6 Rh6 52. Rf6 Rxf6 53. exf6
Nc2 54. Kf3 Ne1+ 55. Ke2 1/2-1/2

[Event "Druzynowe Mistrzostwa Polski Juniorow - I Liga 2018"]
[Site "Kudowa-Zdroj"]
[Date "1899-12-30"]
[Round "1.26"]
[White "Pietrzak, Tomasz"]
[Black "Golenia, Wojciech"]
[Result "0-1"]
[WhiteTitle "II"]
[BlackTitle "I++"]
[WhiteElo "1617"]
[BlackElo "1984"]

1. d4 Nf6 2. Nf3 g6 3. g3 Bg7 4. Bg2 d6 5. O-O O-O 6. Nbd2 Nc6 7. e4 e5 8. dxe5
dxe5 9. c3 Qd3 10. Ne1 Qd6 11. Qe2 Be6 12. b3 Rfd8 13. Nc4 Qd7 14. Ne3 a5 15.
N1c2 Qd3 16. Qxd3 Rxd3 17. Bb2 Rad8 18. Rfd1 Rxd1+ 19. Rxd1 Rxd1+ 20. Nxd1 a4
21. c4 Nd7 22. Bc3 Nd4 23. Nxd4 exd4 24. Bb4 c5 25. Bd2 b5 26. Nb2 a3 27. Nd1
bxc4 28. bxc4 Bxc4 29. Bf1 Bxa2 30. Bc1 Bb3 31. Bxa3 Bxd1 32. Bb5 Ne5 33. Bxc5
Bc2 34. Kf1 Nf3 35. Ke2 Bxe4 36. h4 Bf8 37. Bb6 Bb4 38. Ba6 Bc3 39. Bb5 Bd5 40.
Ba6 Ne5 41. f4 Nc6 42. Bb5 Be4 43. g4 Nb4 44. Bc5 d3+ 45. Ke3 d2 46. Ba4 Nc2+
47. Ke2 Bf3+ 0-1

[Event "Druzynowe Mistrzostwa Polski Juniorow - I Liga 2018"]
[Site "Kudowa-Zdroj"]
[Date "1899-12-30"]
[Round "1.27"]
[White "Wrona, Florian"]
[Black "Suder, Jakub"]
[Result "0-1"]
[WhiteTitle "I"]
[BlackTitle "I+"]
[WhiteElo "1660"]
[BlackElo "1837"]

1. e4 c5 2. Nf3 e6 3. d4 cxd4 4. Nxd4 a6 5. Nc3 Qc7 6. Bd3 Nf6 7. Qe2 d6 8. O-O
Nbd7 9. Be3 Be7 10. Rac1 O-O 11. Qd2 b5 12. a3 Bb7 13. f3 Ne5 14. Nce2 Rac8 15.
b3 d5 16. exd5 Nxd5 17. b4 Nc4 18. Bxc4 Qxc4 19. Bf2 Rfd8 20. Qd3 Bg5 21. Rcd1
Nb6 22. f4 Bf6 23. Qg3 Nd5 24. Rd3 Ne7 0-1